Générique Cobra - Paroles - Statistiques

Statistiques générales
  • Ce quiz a été pris 78 fois
  • Le résultat moyen est 11 sur 18
Statistiques - réponses
Paroles % Correct
Venu de nulle {part}, c'est Cobra
97%
Et votre roi, c'est {Cobra} !
75%
Mais quand on l'{appelle}
74%
Nul ne le {sait}
74%
Homme ou {machine}
71%
Il surgit du {ciel}
68%
Quel est son {secret}
68%
Nul n'{imagine}
65%
Toujours... Toujours... {Toujours}...
63%
Plus vif que le {serpent}, c'est Cobra
60%
Puis il {disparaît}
60%
Toujours aux {aguets}
57%
Qui vient pour nous {aider}, Cobra...
53%
Bien caché dans la {nuit}, c'est Cobra
51%
Personne ne l'{aperçoit}, c'est Cobra
51%
Mais votre {roi} est là...
44%
C'est l'univers {zéro}
32%
Androïdes et {robots}
28%
Aucun quiz correspondant
Distribution des résultats
% des personnes avec chaque résultat
Percentile par nombre de réponses
Votre historique - résultats
Vous n’avez pas pris ce quiz